| 000 | 00489nam a2200181Ia 4500 | ||
|---|---|---|---|
| 001 | 13490 | ||
| 008 | 140402s9999 xx 000 0 und d | ||
| 020 | _a0-931961-54-8 | ||
| 040 | _cPK-LaUMT | ||
| 082 |
_a 658.409 _bCON-G |
||
| 100 | _aConrad, Pamela J. | ||
| 245 |
_aGuide to affirmative action : A primer for supervisors and m _cConrad, Pamela J.<>Maddux, Robert B., J.A. |
||
| 260 | _c1988 | ||
| 300 | _a66 p. | ||
| 546 | _aEN | ||
| 700 | _aMaddux, Robert B., J.A. | ||
| 942 | _cBK | ||
| 999 |
_c14159 _d14159 |
||